[Event "Titled Tue 27th May Early"]
[Site "chess.com INT"]
[Date "2025.05.27"]
[Round "4"]
[White "Bluebaum, Matthias"]
[Black "Weetik, Vjacheslav"]
[Result "1-0"]
[WhiteTitle "GM"]
[BlackTitle "FM"]
[WhiteElo "2660"]
[BlackElo "2423"]
[WhiteFideId "24651516"]
[BlackFideId "4153472"]
[EventDate "2025.05.27"]

1. d4 d5 2. c4 c6 3. Nf3 Nf6 4. Nc3 e6 5. Qc2 Nbd7 6. cxd5 exd5 7. Bg5 Be7 8. e3
Nh5 9. Bxe7 Qxe7 10. O-O-O Nb6 11. Kb1 g6 12. Bd3 Be6 13. h3 Ng7 14. Rc1 O-O-O
15. Na4 Kb8 16. Nc5 Bf5 17. Rhd1 Nc4 18. Bxf5 Nxf5 19. Qb3 Nfd6 20. Ka1 f6 21.
Qb4 Rhe8 22. b3 Nb6 23. Ne1 Ne4 24. Ned3 Ka8 25. Rc2 Nc8 26. Rdc1 Ncd6 27. Qa4
Nb5 28. Qb4 g5 29. a4 Nbd6 30. a5 a6 31. Nxa6 bxa6 32. Rxc6 Qa7 33. f3 Rb8 34.
Rb6 Nb5 35. Rxb8+ Rxb8 36. fxe4 dxe4 37. Nc5 Nd6 38. Qa4 Rb5 39. b4 Qc7 40. Rc2
Qc6 41. Qb3 Qc7 42. Nxa6 1-0

[Event "Titled Tue 27th May Early"]
[Site "chess.com INT"]
[Date "2025.05.27"]
[Round "4"]
[White "Hajiyev, Kanan"]
[Black "Mikhalsky, Vladimir"]
[Result "1-0"]
[WhiteTitle "FM"]
[WhiteElo "2197"]
[BlackElo "2219"]
[WhiteFideId "13404148"]
[BlackFideId "14144352"]
[EventDate "2025.05.27"]

1. d4 Nf6 2. Nf3 g6 3. c4 Bg7 4. e3 O-O 5. Be2 d6 6. O-O Nc6 7. b3 e5 8. dxe5
dxe5 9. Ba3 Re8 10. Nc3 e4 11. Nd4 Ne5 12. Qc2 Bf5 13. Rfd1 Qc8 14. Nd5 Nxd5 15.
cxd5 Nf3+ 16. gxf3 exf3 17. Bd3 Bxd3 18. Qxd3 Qg4+ 19. Kf1 Qg2+ 20. Ke1 Qg1+ 21.
Qf1 Rxe3+ 22. Kd2 Qg5 23. fxe3 Bxd4 24. Qxf3 Re8 25. Re1 Bxa1 26. Rxa1 Re5 27.
Rd1 Rxd5+ 28. Kc2 Rf5 29. Qe4 Rf2+ 30. Rd2 Qf6 31. Qe8+ Kg7 32. Qf8# 1-0

[Event "Titled Tue 27th May Early"]
[Site "chess.com INT"]
[Date "2025.05.27"]
[Round "4"]
[White "Gutman, Gennadi"]
[Black "Sagalchik, Gennadij"]
[Result "0-1"]
[WhiteTitle "GM"]
[BlackTitle "GM"]
[WhiteElo "2445"]
[BlackElo "2434"]
[WhiteFideId "14102277"]
[BlackFideId "2007916"]
[EventDate "2025.05.27"]

1. e4 c6 2. Nf3 d5 3. Nc3 dxe4 4. Nxe4 Nf6 5. Qe2 Bf5 6. Ng3 Bg6 7. d4 e6 8. c3
Nbd7 9. Qd1 c5 10. Bd3 cxd4 11. cxd4 Bb4+ 12. Ke2 O-O 13. a3 Be7 14. Re1 Nb6 15.
Kf1 Rc8 16. Kg1 Qd5 17. Ne5 Rfd8 18. Be3 Bxd3 19. Qxd3 Qxe5 20. dxe5 Rxd3 21.
exf6 Bxf6 22. Bxb6 axb6 23. Rac1 Rxc1 24. Rxc1 g6 25. h3 Bxb2 26. Rb1 Rd2 27.
Ne4 Rc2 28. a4 Kg7 29. Nd6 Bd4 30. Nxb7 Rxf2 31. Kh1 Rb2 32. Rc1 Rb4 33. Rc7
Rb1+ 0-1

[Event "Titled Tue 27th May Early"]
[Site "chess.com INT"]
[Date "2025.05.27"]
[Round "4"]
[White "Unver, Cumayi"]
[Black "Aarav Sinha"]
[Result "0-1"]
[BlackTitle "FM"]
[WhiteElo "2012"]
[BlackElo "2255"]
[WhiteFideId "6304940"]
[BlackFideId "25674064"]
[EventDate "2025.05.27"]

1. d4 Nf6 2. Nc3 d5 3. Bf4 c5 4. e3 cxd4 5. exd4 a6 6. Be2 Nc6 7. Nf3 Bg4 8. Ne5
Bxe2 9. Nxe2 e6 10. c3 Bd6 11. Nxc6 bxc6 12. Bxd6 Qxd6 13. O-O O-O 14. Qd2 c5
15. Nf4 cxd4 16. cxd4 Rab8 17. f3 Qb4 18. Qd3 a5 19. b3 Rfc8 20. Rfc1 h6 21. Ne2
a4 22. bxa4 Qxa4 23. a3 g6 24. h3 Rxc1+ 25. Rxc1 Rb3 26. Rc3 Rxc3 27. Qxc3 Qd1+
28. Kf2 h5 29. h4 Kg7 30. Qe3 Nd7 31. Nf4 Qc2+ 32. Kg3 Qc7 33. Kh3 Nb6 34. Nd3
Nc4 35. Qc1 Qa7 36. Ne5 Qxd4 37. Nxc4 dxc4 38. a4 c3 39. a5 Qd2 40. Qa1 Qb2 41.
Qg1 c2 42. a6 c1=Q 0-1

[Event "Titled Tue 27th May Early"]
[Site "chess.com INT"]
[Date "2025.05.27"]
[Round "4"]
[White "Chen, Yidong"]
[Black "Ollier, Pablo"]
[Result "1-0"]
[BlackTitle "FM"]
[WhiteElo "2038"]
[BlackElo "2284"]
[WhiteFideId "8607028"]
[BlackFideId "652318"]
[EventDate "2025.05.27"]

1. e4 e5 2. Nf3 Nc6 3. Nc3 Nf6 4. Bb5 Bb4 5. O-O O-O 6. d3 d6 7. Bg5 Bxc3 8.
bxc3 Qe7 9. Bxc6 bxc6 10. d4 h6 11. Bh4 exd4 12. cxd4 Qxe4 13. Bxf6 gxf6 14. Qd2
Kh7 15. Rfe1 Qd5 16. Re7 Rg8 17. Nh4 Rg7 18. Qd3+ f5 19. c4 Qa5 20. c5 Ba6 21.
Qxf5+ Kg8 22. Rae1 Rf8 23. Qf6 Qd2 24. Re8 Rg5 25. Rxf8+ Kxf8 26. Qxh6+ Rg7 27.
Qxd2 1-0

[Event "Titled Tue 27th May Early"]
[Site "chess.com INT"]
[Date "2025.05.27"]
[Round "4"]
[White "Iskusnyh, Sergei"]
[Black "Ambrogi, Agustin"]
[Result "1-0"]
[WhiteTitle "GM"]
[BlackTitle "FM"]
[WhiteElo "2440"]
[BlackElo "2237"]
[WhiteFideId "4120027"]
[BlackFideId "170933"]
[EventDate "2025.05.27"]

1. d4 d5 2. c4 e6 3. g3 Nf6 4. Bg2 dxc4 5. Qa4+ Bd7 6. Qxc4 Bc6 7. Nf3 Be7 8.
O-O O-O 9. Rd1 Nbd7 10. Qc2 Be4 11. Qd2 Nb6 12. Nc3 Bc6 13. Qc2 Nbd5 14. Ne5
Nxc3 15. bxc3 Bxg2 16. Kxg2 Nd7 17. Nc4 Nb6 18. Ne5 Bf6 19. Ng4 Be7 20. e4 c6
21. Rb1 Qc8 22. Ne5 Bd6 23. Nf3 Nc4 24. h4 h6 25. e5 Be7 26. Qe4 b5 27. Qg4 Kh8
28. Qh5 f6 29. Bxh6 gxh6 30. Qxh6+ Kg8 31. Qg6+ Kh8 32. Ng5 fxg5 33. hxg5 Rxf2+
34. Kxf2 Qf8+ 35. Ke2 Qg7 36. Rh1+ Kg8 37. Qxe6+ Kf8 38. Rbf1+ Ke8 39. Qxc6+ Kd8
40. Qxa8+ Kc7 41. Qxa7+ Kc6 42. Rh6+ 1-0

[Event "Titled Tue 27th May Early"]
[Site "chess.com INT"]
[Date "2025.05.27"]
[Round "4"]
[White "Nguyen, Quoc Hy"]
[Black "Duda, Jan-Krzysztof"]
[Result "0-1"]
[WhiteTitle "FM"]
[BlackTitle "GM"]
[WhiteElo "2389"]
[BlackElo "2739"]
[WhiteFideId "12410853"]
[BlackFideId "1170546"]
[EventDate "2025.05.27"]

1. d4 Nf6 2. c4 g6 3. Nc3 d5 4. Bg5 Bg7 5. Bxf6 Bxf6 6. cxd5 c5 7. dxc5 Nd7 8.
e3 Qa5 9. Qd2 Nxc5 10. Bb5+ Kf8 11. Nge2 Nb3 12. axb3 Qxa1+ 13. Nd1 Bf5 14. O-O
Qb1 15. Nd4 Qe4 16. Nc3 Qe5 17. f4 Qd6 18. e4 Qb6 19. e5 Bg7 20. Na4 Qd8 21.
Nxf5 gxf5 22. Nc5 Qb6 23. Qb4 a6 24. Ra1 Rc8 25. Rc1 Kg8 26. d6 exd6 27. exd6
Qxb5 28. d7 Rd8 29. Qxb5 axb5 30. Rd1 Bxb2 31. Nxb7 Kg7 32. Nxd8 Rxd8 33. Rd5 b4
34. Kf2 Kf6 35. Ke2 Ke6 36. Rb5 Bc3 37. Rb6+ Kxd7 38. Rh6 Ke7 39. Rxh7 Rd2+ 0-1

[Event "Titled Tue 27th May Early"]
[Site "chess.com INT"]
[Date "2025.05.27"]
[Round "4"]
[White "Klekowski, Maciej"]
[Black "Ostanin, Vadim"]
[Result "1-0"]
[WhiteTitle "GM"]
[BlackTitle "FM"]
[WhiteElo "2474"]
[BlackElo "2317"]
[WhiteFideId "1132717"]
[BlackFideId "24125016"]
[EventDate "2025.05.27"]

1. c4 e5 2. Nc3 Nf6 3. g3 Bb4 4. Bg2 O-O 5. e4 c6 6. Nge2 d5 7. cxd5 cxd5 8.
exd5 Bf5 9. a3 Ba5 10. b4 Bb6 11. d3 Na6 12. O-O h6 13. Be3 Nc7 14. Bxb6 axb6
15. Qb3 Bxd3 16. Rfd1 Bxe2 17. Nxe2 Nb5 18. d6 Nxd6 19. Qd3 Nfe8 20. Nc3 Qc8 21.
Nd5 Qc4 22. Nxb6 Qxd3 23. Rxd3 Ra6 24. Nd7 Nc4 25. Nxf8 Kxf8 26. Bxb7 Rb6 27.
Bd5 Ncd6 28. Rc1 Ke7 29. Rc6 Rb8 30. Bc4 g6 31. Kg2 f5 32. Rd5 e4 33. b5 h5 34.
h4 Nxc4 35. Rxc4 Ke6 36. Rdc5 Nf6 37. a4 Ng4 38. a5 Ne5 39. Rxe5+ Kxe5 40. b6
Kd5 41. Rc1 Kd6 42. Kf1 Kd5 43. Ke2 Kd6 44. Ke3 Kd7 45. Kf4 Kd6 46. Kg5 Kd7 47.
Kxg6 Rf8 48. b7 Rb8 49. a6 f4 50. gxf4 Rg8+ 51. Kxh5 Rb8 52. f5 Ke7 53. Rc8 1-0

[Event "Titled Tue 27th May Early"]
[Site "chess.com INT"]
[Date "2025.05.27"]
[Round "4"]
[White "Lissillour, Baptiste"]
[Black "Nakonechnyi, Oleksii"]
[Result "0-1"]
[WhiteTitle "FM"]
[BlackTitle "CM"]
[WhiteElo "2318"]
[BlackElo "2224"]
[WhiteFideId "45179620"]
[BlackFideId "34173714"]
[EventDate "2025.05.27"]

1. e4 c5 2. Nf3 e6 3. g3 Nc6 4. Bg2 g6 5. d4 cxd4 6. Nxd4 d6 7. O-O a6 8. Be3
Bg7 9. Nc3 Nge7 10. Qd2 O-O 11. Rad1 Ne5 12. Qe2 Qc7 13. Kh1 Nc4 14. Bc1 b5 15.
e5 d5 16. f4 Bb7 17. Nb1 b4 18. Nd2 Nxd2 19. Bxd2 a5 20. Rfe1 Ba6 21. Qf2 Nc6
22. c3 Nxd4 23. Qxd4 bxc3 24. Qxc3 Qxc3 25. Bxc3 a4 26. Bf1 Rfb8 27. a3 Bf8 28.
Rd4 Bxf1 29. Rxf1 Rb3 30. Rd2 Bxa3 31. Ra1 Bc5 32. Bd4 Bb4 33. Rdd1 Kf8 34. Kg2
Ke8 35. Rdc1 Kd7 36. Rd1 Be7 37. h4 Rb5 38. Rac1 Rc8 39. Rxc8 Kxc8 40. Ra1 Rb4
41. Bc3 Rc4 42. Rd1 a3 43. Rc1 Bb4 44. Ra1 Bxc3 45. bxc3 Rxc3 46. Ra2 d4 47. g4
d3 48. Kf3 Rc2 49. Rxa3 d2 50. Ke2 Rc4 51. Rf3 Rd4 52. Kd1 Kd7 53. h5 Ke7 54. h6
f6 55. exf6+ Kxf6 56. Rf2 e5 57. fxe5+ Kg5 58. Rf7 Kxh6 59. e6 Rxg4 60. e7 Re4
61. Kxd2 g5 62. Kd3 Re1 63. Kd2 Re5 64. Kd3 Kg6 65. Rf8 Rxe7 66. Ra8 h5 67. Ra6+
Kf5 68. Ra5+ Re5 69. Ra8 h4 70. Kd4 Re1 71. Kd3 Kg4 0-1

[Event "Titled Tue 27th May Early"]
[Site "chess.com INT"]
[Date "2025.05.27"]
[Round "4"]
[White "Belov, Alexei"]
[Black "Aloma Vidal, Robert"]
[Result "1-0"]
[WhiteTitle "IM"]
[BlackTitle "IM"]
[WhiteElo "2421"]
[BlackElo "2374"]
[WhiteFideId "4128206"]
[BlackFideId "2260409"]
[EventDate "2025.05.27"]

1. e4 a6 2. d4 e6 3. Nf3 d5 4. Nbd2 c5 5. dxc5 Bxc5 6. Bd3 Nc6 7. c3 Nf6 8. Qe2
O-O 9. O-O h6 10. e5 Nd7 11. Nb3 Ba7 12. Bf4 f6 13. exf6 Nxf6 14. Ne5 Bd7 15.
Rad1 a5 16. Nxc6 bxc6 17. Nd4 Ne4 18. Be5 c5 19. Nf3 Ng5 20. Nxg5 Qxg5 21. Kh1
Bc6 22. f4 Qh4 23. Rf3 Qh5 24. Rg3 Qxe2 25. Rxg7+ Kh8 26. Bxe2 Bb8 27. Rc7+ Kg8
28. Rxc6 Bxe5 29. fxe5 Rf2 30. Bf3 Re8 31. Rxc5 a4 32. b4 Rxa2 33. b5 Rb2 34.
Rc6 a3 35. Ra6 a2 36. h3 Kf7 37. Kh2 Rb8 38. Ra1 R8xb5 39. R1xa2 Rxa2 40. Rxa2
Rc5 41. Ra7+ Kg6 42. Bg4 Rc6 43. Re7 Kg5 44. Rxe6 Rxc3 45. Rd6 Rd3 46. e6 Kf6
47. Rd7 h5 48. Rf7+ Kg6 49. Bf5+ Kh6 50. h4 Rh3+ 51. Kxh3 d4 52. Rh7# 1-0

[Event "Titled Tue 27th May Early"]
[Site "chess.com INT"]
[Date "2025.05.27"]
[Round "4"]
[White "Safin Safarullakhan"]
[Black "Sydoryka, Vladyslav"]
[Result "0-1"]
[WhiteTitle "CM"]
[BlackTitle "FM"]
[WhiteElo "2109"]
[BlackElo "2224"]
[WhiteFideId "33379475"]
[BlackFideId "14145928"]
[EventDate "2025.05.27"]

1. e4 d5 2. exd5 Qxd5 3. Nc3 Qd6 4. d4 Nf6 5. Nf3 a6 6. Be2 b5 7. a3 Bb7 8. O-O
e6 9. Bg5 Nbd7 10. Qd2 c5 11. Rad1 b4 12. axb4 cxb4 13. Na4 Ne4 14. Qf4 Nxg5 15.
Qxg5 h6 16. Qe3 Be7 17. Ne5 O-O 18. d5 Nxe5 19. Nb6 Rad8 20. f4 Qc5 21. Qxc5
Bxc5+ 22. Kh1 Bxb6 23. fxe5 Rxd5 24. Rxd5 Bxd5 25. Bxa6 Ra8 26. Bd3 Rc8 27. b3
Rc3 28. Ra1 g6 29. Ra6 Bd4 30. Ra4 Bxb3 31. Rxb4 Bxc2 0-1

[Event "Titled Tue 27th May Early"]
[Site "chess.com INT"]
[Date "2025.05.27"]
[Round "4"]
[White "Lazavik, Denis"]
[Black "Andriienko, Artom"]
[Result "1-0"]
[WhiteTitle "GM"]
[WhiteElo "2577"]
[BlackElo "2153"]
[WhiteFideId "13515110"]
[BlackFideId "34129510"]
[EventDate "2025.05.27"]

1. d4 Nf6 2. c4 e6 3. Nf3 Bb4+ 4. Bd2 Qe7 5. g3 O-O 6. Bg2 Bxd2+ 7. Qxd2 d6 8.
Nc3 e5 9. O-O h6 10. dxe5 dxe5 11. Nd5 Nxd5 12. cxd5 Rd8 13. Rfd1 Bg4 14. Qe3
Bxf3 15. Bxf3 Nd7 16. Rac1 Nf6 17. Bg2 e4 18. Qb3 b6 19. e3 Rd6 20. Qc4 Rad8 21.
Qxc7 Qxc7 22. Rxc7 Rxd5 23. Rxd5 Rxd5 24. Bf1 Rd1 25. Rxa7 Ng4 26. h3 Ne5 27.
Kg2 Nf3 28. h4 h5 29. a4 Ne1+ 30. Kh3 Rd2 31. b4 Rxf2 32. Bc4 Nf3 33. Bxf7+ Kh7
34. Bxh5 Kh6 35. Bxf3 Rxf3 36. Rb7 Rxe3 37. Rxb6+ g6 38. Re6 Ra3 39. a5 e3 40.
Kg2 Kh5 41. Re5+ Kg4 42. Rg5# 1-0

[Event "Titled Tue 27th May Early"]
[Site "chess.com INT"]
[Date "2025.05.27"]
[Round "4"]
[White "Idani, Pouya"]
[Black "Giri, Anish"]
[Result "0-1"]
[WhiteTitle "GM"]
[BlackTitle "GM"]
[WhiteElo "2630"]
[BlackElo "2738"]
[WhiteFideId "12510130"]
[BlackFideId "24116068"]
[EventDate "2025.05.27"]

1. e4 e5 2. Nf3 Nc6 3. Bb5 a6 4. Ba4 Nf6 5. d3 d6 6. O-O g6 7. c4 Bg7 8. Nc3 O-O
9. h3 Rb8 10. Be3 Nd7 11. Re1 f5 12. Bg5 Nf6 13. Nd5 fxe4 14. dxe4 Be6 15. c5
dxc5 16. Bxc6 bxc6 17. Nxf6+ Bxf6 18. Qxd8 Bxd8 19. Bxd8 Rfxd8 20. b3 c4 21.
bxc4 c5 22. Nxe5 Rd2 23. Rab1 Rb6 24. Rxb6 cxb6 25. Rb1 b5 26. cxb5 Bxa2 27. Rc1
axb5 28. Rxc5 b4 29. Rb5 b3 30. Nc4 Rc2 31. Na5 b2 0-1

[Event "Titled Tue 27th May Early"]
[Site "chess.com INT"]
[Date "2025.05.27"]
[Round "4"]
[White "Brezis, Ari"]
[Black "Dilmukhametov, Artur"]
[Result "1-0"]
[WhiteTitle "CM"]
[BlackTitle "FM"]
[WhiteElo "2188"]
[BlackElo "2276"]
[WhiteFideId "2858541"]
[BlackFideId "24179922"]
[EventDate "2025.05.27"]

1. d4 Nf6 2. Nf3 g6 3. Nc3 Bg7 4. Bf4 d6 5. e4 O-O 6. Qd2 c5 7. O-O-O Qa5 8. Kb1
cxd4 9. Nxd4 Nc6 10. Nb3 Qb4 11. Bd3 Nd4 12. Nxd4 Qxd4 13. f3 Be6 14. h4 Rac8
15. a3 Qb6 16. Be3 Qc7 17. Bh6 Bh8 18. Bxf8 Kxf8 19. g4 Nd7 20. h5 Qb6 21. hxg6
Bxc3 22. Qxc3 Rxc3 23. gxh7 Ba2+ 24. Kxa2 Rxa3+ 25. bxa3 Ke8 26. h8=Q+ Nf8 27.
Qb2 Qc5 28. Rh8 b6 29. Rdh1 a6 30. Rxf8+ Kxf8 31. Bxa6 1-0

[Event "Titled Tue 27th May Early"]
[Site "chess.com INT"]
[Date "2025.05.27"]
[Round "4"]
[White "Aradhya, Garg"]
[Black "Felix, Raphael"]
[Result "1-0"]
[WhiteTitle "IM"]
[BlackTitle "CM"]
[WhiteElo "2383"]
[BlackElo "2201"]
[WhiteFideId "25006746"]
[BlackFideId "14339544"]
[EventDate "2025.05.27"]

1. d4 d5 2. c4 e6 3. Nf3 Nf6 4. Nc3 Nbd7 5. cxd5 exd5 6. Bg5 c6 7. e3 Bd6 8. Bd3
O-O 9. O-O h6 10. Bh4 Re8 11. Qc2 Nf8 12. Rae1 Bg4 13. Ne5 Bxe5 14. dxe5 Rxe5
15. f4 Re8 16. f5 Bh5 17. h3 Qd6 18. Qf2 Ne4 19. Bxe4 dxe4 20. g4 g5 21. Bg3 Qf6
22. gxh5 Nd7 23. Rd1 Nc5 24. Rd6 Qg7 25. f6 Qh7 26. Qf5 Nd3 27. Qxh7+ Kxh7 28.
Rd7 Kg8 29. Rxb7 a5 30. h4 gxh4 31. Bxh4 Re5 32. Kg2 Rxh5 33. Kg3 Re5 34. Re7 1-0

[Event "Titled Tue 27th May Early"]
[Site "chess.com INT"]
[Date "2025.05.27"]
[Round "4"]
[White "Gubajdullin, Alexei"]
[Black "Arun, Siddharth"]
[Result "1-0"]
[WhiteTitle "FM"]
[WhiteElo "2227"]
[BlackElo "1993"]
[WhiteFideId "4141202"]
[BlackFideId "2079178"]
[EventDate "2025.05.27"]

1. Nf3 d5 2. g3 g5 3. h3 h6 4. Bg2 Bg7 5. d3 e5 6. Nbd2 Ne7 7. e4 c6 8. O-O O-O
9. c3 f5 10. exf5 Bxf5 11. Qe2 Nd7 12. Nh2 Ng6 13. Rd1 Qf6 14. Ndf1 Rae8 15. Ne3
Be6 16. Rf1 Qf7 17. c4 Nf6 18. Bd2 Qd7 19. cxd5 cxd5 20. Nhg4 Nxg4 21. hxg4 d4
22. Nf5 Bxf5 23. gxf5 Qxf5 24. Bxb7 Kh8 25. Be4 Qf6 26. Qh5 Ne7 27. Rac1 Rc8 28.
Rxc8 Rxc8 29. Bb4 Nf5 30. Qg4 Rb8 31. Rc1 Rxb4 32. Rc8+ Bf8 33. Bxf5 Rb7 34. Be4
Rf7 35. Rc2 Kg7 36. Qc8 h5 37. f3 g4 38. Rc6 Qg5 39. Rg6+ Qxg6 40. Bxg6 Kxg6 41.
fxg4 Bh6 42. Qe6+ Rf6 43. Qe8+ Kg7 44. gxh5 Be3+ 45. Kg2 1-0

[Event "Titled Tue 27th May Early"]
[Site "chess.com INT"]
[Date "2025.05.27"]
[Round "4"]
[White "Melikhov, Evgeny V."]
[Black "Kriti, Mayur Patel"]
[Result "1-0"]
[WhiteTitle "FM"]
[BlackTitle "WCM"]
[WhiteElo "2154"]
[BlackElo "1695"]
[WhiteFideId "4122046"]
[BlackFideId "35061780"]
[EventDate "2025.05.27"]

1. d4 d5 2. c4 e6 3. Nc3 Nf6 4. cxd5 exd5 5. Bg5 Be7 6. e3 c6 7. Bd3 O-O 8. Nge2
Nbd7 9. O-O Re8 10. Qc2 Nf8 11. Bh4 b5 12. f3 Bb7 13. Bf2 Rc8 14. Rad1 a5 15.
Kh1 b4 16. Na4 c5 17. Nxc5 Bxc5 18. dxc5 Ne6 19. Nd4 Nxc5 20. Qd2 Nxd3 21. Qxd3
Qb6 22. Rfe1 Ba6 23. Qf5 a4 24. Kg1 Qd8 25. Rc1 Rxc1 26. Rxc1 g6 27. Qc2 Qd6 28.
Qxa4 Bc4 29. b3 Bd3 30. Qc6 Qe7 31. Qc7 Qf8 32. Rc6 Nh5 33. Qd6 Qh6 34. Qxb4
Rxe3 35. Qd2 Re6 36. Qxh6 Rxc6 37. Nxc6 1-0

[Event "Titled Tue 27th May Early"]
[Site "chess.com INT"]
[Date "2025.05.27"]
[Round "4"]
[White "Jacobsen, Mikkel Manosri"]
[Black "Cardozo Munar, Carlos Eduardo"]
[Result "1-0"]
[WhiteTitle "FM"]
[BlackTitle "FM"]
[WhiteElo "2223"]
[BlackElo "2052"]
[WhiteFideId "1444514"]
[BlackFideId "4409477"]
[EventDate "2025.05.27"]

1. d4 d5 2. Nf3 Bf5 3. Bf4 e6 4. c4 Bd6 5. Bg3 c6 6. Nc3 Bxg3 7. hxg3 h6 8. Qb3
Qb6 9. c5 Qxb3 10. axb3 Nd7 11. b4 Ne7 12. b5 O-O 13. e3 Rfe8 14. b4 Nf6 15. Ne5
Ne4 16. Nxe4 Bxe4 17. f3 Bh7 18. Kd2 f6 19. Nd3 Bxd3 20. Bxd3 e5 21. bxc6 bxc6
22. b5 cxb5 23. Bxb5 Reb8 24. Rhb1 a6 25. Bd7 Rxb1 26. Rxb1 a5 27. c6 a4 28. c7
Kf7 29. Rb8 Ra7 30. c8=Q Nxc8 31. Bxc8 a3 32. Rb1 g6 33. dxe5 fxe5 34. f4 Kf6
35. Bg4 d4 36. exd4 exd4 37. Rb6+ Kg7 38. Rb1 a2 39. Ra1 Ra3 40. Bf3 g5 41. f5
Kf6 42. g4 h5 43. gxh5 Kxf5 44. Bd5 Rg3 45. Rxa2 g4 46. Ra5 Kg5 47. Bc6+ Kh6 48.
Re5 Rc3 49. Be8 Rc2+ 50. Kxc2 1-0

[Event "Titled Tue 27th May Early"]
[Site "chess.com INT"]
[Date "2025.05.27"]
[Round "4"]
[White "Erece, Ece Alkim"]
[Black "Arabidze, Meri"]
[Result "0-1"]
[WhiteTitle "WCM"]
[BlackTitle "IM"]
[WhiteElo "1843"]
[BlackElo "2440"]
[WhiteFideId "6346006"]
[BlackFideId "13604040"]
[EventDate "2025.05.27"]

1. e4 c5 2. Nf3 e6 3. c3 Nf6 4. e5 Nd5 5. d4 cxd4 6. cxd4 b6 7. Bd3 Ba6 8. O-O
Bxd3 9. Qxd3 Be7 10. Nc3 Nxc3 11. Qxc3 O-O 12. Bf4 Nc6 13. a3 Rc8 14. Qd3 Na5
15. Rac1 h6 16. h3 Rxc1 17. Rxc1 d5 18. Nd2 Qd7 19. b4 Nc6 20. Kf1 Rc8 21. Nb3
Rc7 22. Bd2 Qc8 23. f4 g6 24. Ke2 Bf8 25. g4 Ne7 26. Kf3 Rxc1 27. Nxc1 Qc4 28.
Ke2 Nc6 29. Qxc4 dxc4 30. Be3 b5 31. Na2 a5 32. Nc3 axb4 33. axb4 Nxb4 34. Nxb5
Nd5 35. Kd2 Bb4+ 36. Ke2 Nc3+ 37. Kf3 Nxb5 38. Ke4 Nc3+ 39. Kf3 Nd5 40. Bc1 c3
41. Ke4 Be7 42. f5 Bf8 43. fxg6 fxg6 44. Kd3 Kf7 45. Kc4 h5 46. gxh5 gxh5 47.
Kd3 Kg6 48. Ke4 Bh6 49. Bxh6 Kxh6 0-1

[Event "Titled Tue 27th May Early"]
[Site "chess.com INT"]
[Date "2025.05.27"]
[Round "4"]
[White "Troltenier, Dirk"]
[Black "Deveci, Huseyin Said"]
[Result "1-0"]
[WhiteTitle "FM"]
[BlackTitle "CM"]
[WhiteElo "2174"]
[BlackElo "2212"]
[WhiteFideId "4606400"]
[BlackFideId "26322455"]
[EventDate "2025.05.27"]

1. e4 e5 2. Nf3 Nc6 3. Bb5 a6 4. Ba4 Nf6 5. O-O Be7 6. Re1 b5 7. Bb3 O-O 8. c3
d5 9. exd5 Nxd5 10. Nxe5 Nxe5 11. Rxe5 c6 12. d4 Bd6 13. Re1 Qh4 14. g3 Qh3 15.
Be3 Bg4 16. Qd3 Rae8 17. Nd2 Kh8 18. Qf1 Qh5 19. Bxd5 cxd5 20. f3 Bh3 21. Qf2 f5
22. f4 Bg4 23. Kg2 g5 24. a4 b4 25. c4 Bh3+ 26. Kh1 Rxe3 27. Rxe3 gxf4 28. gxf4
dxc4 29. Nxc4 Bb8 30. Rg1 Bg4 31. Ne5 Qe8 32. Nxg4 Qc6+ 33. Qg2 Qxg2+ 34. Rxg2
fxg4 35. Rxg4 h5 36. Rh4 Bxf4 37. Rf3 Bd6 38. Rxh5+ Kg7 39. Rxf8 Bxf8 40. Ra5 1-0

[Event "Titled Tue 27th May Early"]
[Site "chess.com INT"]
[Date "2025.05.27"]
[Round "4"]
[White "Gelman, Alexander"]
[Black "Bendayan Claros, Aaron"]
[Result "1-0"]
[WhiteTitle "IM"]
[BlackTitle "CM"]
[WhiteElo "2403"]
[BlackElo "2224"]
[WhiteFideId "4118316"]
[BlackFideId "3803392"]
[EventDate "2025.05.27"]

1. d4 d5 2. Nc3 Nf6 3. Bf4 c5 4. e3 cxd4 5. exd4 a6 6. Nf3 Bg4 7. h3 Bxf3 8.
Qxf3 Nc6 9. O-O-O e6 10. Kb1 Bb4 11. a3 Be7 12. g4 b5 13. g5 Nd7 14. h4 b4 15.
axb4 Bxb4 16. h5 Qa5 17. Rd3 Rc8 18. g6 fxg6 19. hxg6 h5 20. Bh3 Nf6 21. Bxe6
Rd8 22. Re1 Kf8 23. Bg5 Be7 24. Re5 Nb4 25. Rde3 Rd6 26. Bf7 Rd7 27. Qf5 Rc7 28.
Rxe7 1-0

[Event "Titled Tue 27th May Early"]
[Site "chess.com INT"]
[Date "2025.05.27"]
[Round "4"]
[White "Germanovs, Georgijs"]
[Black "Levitan, Caleb Levi"]
[Result "1-0"]
[WhiteTitle "CM"]
[BlackTitle "FM"]
[WhiteElo "2255"]
[BlackElo "2333"]
[WhiteFideId "11609710"]
[BlackFideId "14332620"]
[EventDate "2025.05.27"]

1. e4 e5 2. Nf3 Nc6 3. Bc4 Nf6 4. d3 h6 5. O-O d6 6. h3 g5 7. c3 Qe7 8. d4 Bg7
9. Bb5 Bd7 10. Re1 O-O-O 11. d5 Nb8 12. a4 g4 13. hxg4 Bxg4 14. Nbd2 Rhg8 15. a5
a6 16. Be2 Nh5 17. Nd4 Bxe2 18. Qxe2 exd4 19. Qxh5 dxc3 20. bxc3 Bxc3 21. Qh3+
Nd7 22. Qxc3 Qg5 23. Qh3 Qf6 24. Rb1 Rg6 25. Bb2 Qf4 26. Nf1 Rdg8 27. Ng3 h5 28.
Qxh5 Rh6 29. Qf5 Qh4 30. Qh3 Qf4 31. Bc1 Rxh3 32. Bxf4 Rh4 33. Nf5 Rxf4 34. Ne7+
Kd8 35. Nxg8 Rh4 36. Rxb7 Rh8 37. Ra7 Nb8 38. Ra8 Kc8 39. Rb1 1-0

[Event "Titled Tue 27th May Early"]
[Site "chess.com INT"]
[Date "2025.05.27"]
[Round "4"]
[White "Kodithuwakku, K K Dinujaya"]
[Black "Zong, Davis"]
[Result "1-0"]
[WhiteTitle "CM"]
[BlackTitle "FM"]
[WhiteElo "2011"]
[BlackElo "2242"]
[WhiteFideId "9998845"]
[BlackFideId "30903955"]
[EventDate "2025.05.27"]

1. d4 d5 2. Nc3 Nf6 3. Bf4 e6 4. Nb5 Na6 5. e3 Be7 6. Nf3 O-O 7. h4 c6 8. Nc3 c5
9. h5 h6 10. Bxa6 bxa6 11. Ne5 Qb6 12. Na4 Qa5+ 13. c3 Qb5 14. g4 Nd7 15. Rg1
Nxe5 16. Bxe5 Bd7 17. g5 hxg5 18. Nxc5 Bxc5 19. dxc5 Qxb2 20. Rb1 Qa3 21. Rb7
Ba4 22. Rxg5 g6 23. Rxg6+ fxg6 24. Rg7+ Kh8 25. Rxg6+ Kh7 26. Rg7+ Kh8 27. Re7+
Kg8 28. Qg4# 1-0